00426nam a2200157Ia 4500001001000000003000500010008004100015010001100056040000900067100001800076245005100094260004900145300001000194440004000204650002400244Para_3245CHAP220125s1929 xx 000 0 und d a201707 cCHAP aLutman, B. F. aThe value of scabby potatoes /c B. F. Lutman aVermont :b Agricultural Experiment Station a16 p. aVermont. Agric. Exp. Sta. Bull; 297 aPapa x Rendimiento